Thora sa asmaan (Record no. 330405)

000 -LEADER
fixed length control field nam a22 7a 4500
003 - CONTROL NUMBER IDENTIFIER
control field ASAB
005 - DATE AND TIME OF LATEST TRANSACTION
control field 20170707121944.0
008 - FIXED-LENGTH DATA ELEMENTS--GENERAL INFORMATION
fixed length control field 170707b xxu||||| |||| 00| 0 eng d
020 ## - INTERNATIONAL STANDARD BOOK NUMBER
International Standard Book Number 9694165229
040 ## - CATALOGING SOURCE
Transcribing agency ASAB
082 ## - DEWEY DECIMAL CLASSIFICATION NUMBER
Classification number FIC
100 ## - MAIN ENTRY--PERSONAL NAME
Personal name Umera Ahmad
9 (RLIN) 3178
245 ## - TITLE STATEMENT
Title Thora sa asmaan
Statement of responsibility, etc. Umera Ahmad
260 ## - PUBLICATION, DISTRIBUTION, ETC.
Place of publication, distribution, etc. lahore.
Name of publisher, distributor, etc. Elm o irfan publishers
Date of publication, distribution, etc. 2009
300 ## - PHYSICAL DESCRIPTION
Extent 829 p.
942 ## - ADDED ENTRY ELEMENTS (KOHA)
Source of classification or shelving scheme
Koha item type Book
Holdings
Withdrawn status Lost status Source of classification or shelving scheme Damaged status Not for loan Collection code Permanent Location Current Location Date acquired Total Checkouts Full call number Barcode Date last seen Date last checked out Price effective from Koha item type
            Atta-ur-Rahman School of Applied Biosciences (ASAB) Atta-ur-Rahman School of Applied Biosciences (ASAB) 07/07/2017 2 FIC Ahmad ASAB2723 01/26/2026 12/31/2025 07/07/2017 Book
            Atta-ur-Rahman School of Applied Biosciences (ASAB) Atta-ur-Rahman School of Applied Biosciences (ASAB) 07/07/2017 1 FIC Ahmad ASAB2724 08/02/2023 06/13/2023 07/07/2017 Book
            Atta-ur-Rahman School of Applied Biosciences (ASAB) Atta-ur-Rahman School of Applied Biosciences (ASAB) 07/07/2017   FIC Ahmad ASAB2725 07/07/2017   07/07/2017 Book
            Atta-ur-Rahman School of Applied Biosciences (ASAB) Atta-ur-Rahman School of Applied Biosciences (ASAB) 07/07/2017   FIC Ahmad ASAB2726 07/07/2017   07/07/2017 Book
            Atta-ur-Rahman School of Applied Biosciences (ASAB) Atta-ur-Rahman School of Applied Biosciences (ASAB) 07/07/2017   FIC Ahmad ASAB2727 07/07/2017   07/07/2017 Book
© 2023 Central Library, National University of Sciences and Technology. All Rights Reserved.